000 00711nam a22002057a 4500
999 _c11379
_d11379
003 AR-CdUCM
008 190403b ||||| |||| 00| 0 spa d
040 _aMUNICIPALIDAD PROVINCIAL DEL CUSCO
_cBIBLIOTECA MUNICIPAL DEL CUSCO
082 _aC / 869.56 /
_bB67
100 _aBocángel Benavente, César A.
_912803
245 _aPoesía y mito Andino /
260 _aCusco :
_bUniversidad Nacional San Antonio Abad, Dirección de Proyección Social, Instituto de Investigación "UNSAAC-NUFFIC",
_c1986.
300 _a16 páginas ;
_c21 cm.
505 _aContenido: Poesía
650 _aPoesías Cusqueña
_928615
650 _aSiglo XX
_98
650 _aPoesía
_9139
942 _2ddc
_cLIBROS
945 _aachl